Memoria
Descripción Física:
8 p. ; 26 cm
MARC
| LEADER | 00000nam a2200000Ia 4500 | ||
|---|---|---|---|
| 001 | 22593 | ||
| 008 | 160829s1869 xx 000 0 cat d | ||
| 080 | |a 1530 | ||
| 110 | 0 | |a Junta de Carreteras de Cataluña |9 52562 | |
| 245 | |a Memoria | ||
| 260 | |a Barcelona : |b [s.n.], |c 1869 | ||
| 300 | |a 8 p. ; |c 26 cm | ||
| 590 | |a Relligat amb expedient n.2 de 1873 Memòria sobre l'execució del pla general de carreteres, la Junta de Carreteras de Cataluña i els seus arbitris | ||
| 650 | |a Junta de Carreteras de Cataluña |x Memòries |9 48314 | ||
| 901 | |a Arxiu | ||
| 942 | |n 1 |2 udc | ||
| 952 | |0 0 |1 0 |4 0 |6 1530 |7 1 |9 54463 |a Arxiu |b Arxiu |d 2016-12-01 |l 0 |o 1530 |p 22593 |r 2016-12-01 00:00:00 |w 2016-12-01 |y ARXIU | ||
| 999 | |c 58332 |d 58332 | ||